000 00848nam a2200241Ia 4500
003 OSt
005 20220923222141.0
006 a|||||r|||| 00| 0
007 ta
008 220922b |||||||| |||| 00| 0 hin d
024 _a203,405
037 _cTextual
040 _aARTS
_cARTS
_bhin
041 _2hin
_ahin
082 _aO157,3N12,37, 152L8;2(=)
100 _aमित्र, विमल; चौधरी, योगेन्द्र, अनु.
_9166131
245 0 _aचलते-चलते
246 _aChalate-chalate
260 _aदिल्ली
_b राधाकृष्ण प्रका0
_c1978
300 _a307पृ.
_ccm.
942 _hO157,3N12,37, 152L8;2(=)
_cTEXL
_2CC
999 _c354157
_d354157